000
00328nam a22001457a 4500
008
210226b ||||| |||| 00| 0 eng d
020
_a
9780201895018
041
_a
eng
080
_2
3rd
_a
330.322
082
_a
330.322
100
_a
51
101
_a
INV
245
_a
International Investments
_c
Solnik, B
942
_2
udc
_c
BK
999
_c
55296
_d
55296